Fundamentals of Nursing Incredibly Easy! / (Record no. 35898)

MARC details
000 -LEADER
fixed length control field 00499nam a22001697a 4500
005 - DATE AND TIME OF LATEST TRANSACTION
control field 20240611141616.0
008 - FIXED-LENGTH DATA ELEMENTS--GENERAL INFORMATION
fixed length control field 240611b |||||||| |||| 00| 0 eng d
020 ## - INTERNATIONAL STANDARD BOOK NUMBER
ISBN 9788174731170
082 ## - DEWEY DECIMAL CLASSIFICATION NUMBER
Classification number 615
Item number LIP-M
100 ## - MAIN ENTRY--AUTHOR
Author Name Lippincott Williams & Wilkins
245 ## - TITLE STATEMENT
Title Fundamentals of Nursing Incredibly Easy! /
Statement of responsibility, etc. Lippincott Williams & Wilkins
260 ## - PUBLICATION, DISTRIBUTION, ETC.
Place of Publication India ;
Name of publisher, distributor, etc. Lippincott;
Date of publication, distribution, etc. 2009 .
300 ## - PHYSICAL DESCRIPTION
Pages 660p.
500 ## - GENERAL NOTE
General note Include index .
650 ## - SUBJECT ADDED ENTRY--TOPICAL TERM
Subject / Department Medical / Nursing
300 ## - PHYSICAL DESCRIPTION
-- ill;
-- 24 cm.
952 ## - LOCATION AND ITEM INFORMATION (KOHA)
-- 0
-- 0
952 ## - LOCATION AND ITEM INFORMATION (KOHA)
-- 0
-- 0
952 ## - LOCATION AND ITEM INFORMATION (KOHA)
-- 0
-- 0
952 ## - LOCATION AND ITEM INFORMATION (KOHA)
-- 0
-- 0
952 ## - LOCATION AND ITEM INFORMATION (KOHA)
-- 0
-- 0
Holdings
Lost status Damaged status Collection code Permanent Location Current Location Shelving Location Date acquired Full Call Number Accession No./Barcode Date last seen Copy number item type Koha item type
    Medical Superior Information Resource Center (SIRC) Superior University- Main Campus Superior Information Resource Center (SIRC) Superior University- Main Campus Nursing 06/11/2024 615 LIP-F 2009 10225 06/11/2024 1 BOOK BOOK
    Medical Superior Information Resource Center (SIRC) Superior University- Main Campus Superior Information Resource Center (SIRC) Superior University- Main Campus Nursing 06/11/2024 615 LIP-F 2009 10226 06/11/2024 2 BOOK BOOK
    Medical Superior Information Resource Center (SIRC) Superior University- Main Campus Superior Information Resource Center (SIRC) Superior University- Main Campus Nursing 06/11/2024 615 LIP-F 2009 10227 08/22/2024 3 BOOK BOOK
    Medical Superior Information Resource Center (SIRC) Superior University- Main Campus Superior Information Resource Center (SIRC) Superior University- Main Campus Nursing 06/11/2024 615 LIP-F 2009 10228 06/11/2024 4 BOOK BOOK
    Medical Superior Information Resource Center (SIRC) Superior University- Main Campus Superior Information Resource Center (SIRC) Superior University- Main Campus Nursing 06/11/2024 615 LIP-F 2009 10229 06/11/2024 5 BOOK BOOK

Powered by Koha